Villes européennes par définition (moyen) - Statistiques

Statistiques générales
  • Ce quiz a été pris 62 fois
  • Le résultat moyen est 7 sur 10
Statistiques - réponses
Description Ville % Correct
Ville bouillonnante du sud de l'Italie, connue pour sa pizza, son volcan (le Vésuve) et sa proximité avec Pompéi. Naples
98%
Ville flamande dynamique, célèbre pour ses diamants, son port et le peintre Rubens. Anvers
82%
Ville andalouse ensoleillée, berceau du flamenco et célèbre pour son Alcazar et sa cathédrale. Séville
82%
Capitale de l’Art nouveau dans les pays baltes, avec un centre historique classé à l’UNESCO. Riga
66%
Ville natale de Mozart, connue pour ses concerts, ses montagnes et son château perché. Salzbourg
64%
Ville universitaire millénaire, réputée pour sa gastronomie (berceau des tagliatelles al ragù) et ses arcades rouges. Bologne
60%
Cité au charme authentique, célèbre pour son vin et ses ruelles escarpées au bord du Douro. Porto
56%
Petite capitale sur le Danube, à la croisée des cultures autrichienne et hongroise. Bratislava
54%
Cité médiévale fortifiée sur l’Adriatique, célèbre pour ses remparts et pour avoir servi de décor à Game of Thrones. Dubrovnik
50%
Porte d’entrée des fjords, avec ses maisons colorées en bois et ses paysages spectaculaires. Bergen
40%
Aucun quiz correspondant
Distribution des résultats
% des personnes avec chaque résultat
Percentile par nombre de réponses
Votre historique - résultats
Vous n’avez pas pris ce quiz